000
00299nam a22001337a 4500
008
181003b xxu||||| |||| 00| 0 eng d
020
_a
9780393936933
041
_a
eng
080
_a
159.9
100
_a
48
101
_a
PSY
245
_a
Resarch Methods Psychology
_c
Morling.B
942
_2
udc
_c
BK
999
_c
48810
_d
48810